[Event "Michigan Class D/E"]
[Site "Auburn Hills"]
[Date "2005.01.16"]
[Round "5.9"]
[White "Keefe, Matt"]
[Black "Barlow, Prince"]
[Result "0-1"]
[WhiteElo "1127"]
[BlackElo "1304"]
[PlyCount "60"]
[EventDate "2005.01.15"]
[EventType "swiss"]
[EventRounds "5"]
[EventCountry "USA"]
[SourceTitle "EXT 2006"]
[Source "ChessBase"]
[SourceDate "2005.11.24"]
[SourceVersion "1"]
[SourceVersionDate "2005.11.24"]
[SourceQuality "1"]

1. Nf3 d5 2. g3 Nc6 3. Bg2 e5 4. d3 Be6 5. 0-0 Qd7 6. Re1 0-0-0 7. e4 dxe4 8. Rxe4 f6 9. c3 Qxd3 10. Nfd2 Qd7 11. Re2 g5 12. Qc2 h5 13. Ne4 h4 14. Nxf6 Nxf6 15. Bxg5 hxg3 16. fxg3 Bc5+ 17. Be3 Qd1+ 18. Qxd1 Rxd1+ 19. Bf1 Bc4 20. Kg2 Bxe2 21. Bxe2 Rd5 22. Bf3 e4 23. Bxc5 exf3+ 24. Kxf3 Rxc5 25. b4 Rf5+ 26. Kg2 Ne4 27. Na3 Rf2+ 28. Kg1 Rhxh2 29. Re1 Rhg2+ 30. Kh1 Nxg3# 0-1

[Event "Michigan Senior Reserve"]
[Site "Flint"]
[Date "2004.06.12"]
[Round "1"]
[White "Keefe, Matt"]
[Black "Poniatowski, Donald"]
[Result "0-1"]
[WhiteElo "1140"]
[BlackElo "1353"]
[PlyCount "98"]
[EventDate "2004.06.12"]
[EventType "swiss"]
[EventRounds "4"]
[EventCountry "USA"]
[SourceTitle "EXT 2008"]
[Source "ChessBase"]
[SourceDate "2007.11.25"]
[SourceVersion "1"]
[SourceVersionDate "2007.11.25"]
[SourceQuality "1"]

1. Nf3 Nf6 2. g3 d5 3. Bg2 e6 4. 0-0 b6 5. d3 Bb7 6. Nbd2 Be7 7. Re1 0-0 8. b3 c5 9. Bb2 Nbd7 10. c3 Rc8 11. e4 dxe4 12. dxe4 Qc7 13. a4 Rfd8 14. Qc2 a6 15. c4 e5 16. Rad1 Bd6 17. Nh4 Nf8 18. Nf5 Ne6 19. Nxd6 Qxd6 20. Nf1 Nd4 21. Bxd4 cxd4 22. Rd2 b5 23. axb5 axb5 24. Ne3 Qc5 25. Nf5 bxc4 26. bxc4 Rc7 27. Bf1 Rdc8 28. h3 h6 29. Kh2 Kh8 30. f3 Bc6 31. Qc1 Bd7 32. g4 Bxf5 33. gxf5 Nh5 34. Bd3 Nf4 35. Rg1 Nxd3 36. Rxd3 Qxc4 37. Qxc4 Rxc4 38. Kg3 Rc3 39. Rgd1 Rxd3 40. Rxd3 Rc3 41. Rd2 Kh7 42. h4 h5 43. Kf2 f6 44. Ke2 g6 45. Rd3 Rxd3 46. Kxd3 g5 47. Ke2 gxh4 48. Kf2 h3 49. Kg3 d3 0-1

[Event "Michigan Senior Reserve"]
[Site "Flint"]
[Date "2004.06.12"]
[Round "2"]
[White "Kelly, James E"]
[Black "Keefe, Matt"]
[Result "1-0"]
[WhiteElo "1579"]
[BlackElo "1140"]
[PlyCount "53"]
[EventDate "2004.06.12"]
[EventType "swiss"]
[EventRounds "4"]
[EventCountry "USA"]
[SourceTitle "EXT 2008"]
[Source "ChessBase"]
[SourceDate "2007.11.25"]
[SourceVersion "1"]
[SourceVersionDate "2007.11.25"]
[SourceQuality "1"]

1. d4 Nf6 2. Nc3 g6 3. e4 d6 4. Bc4 e6 5. Bg5 Bg7 6. Nf3 Qd7 7. 0-0 0-0 8. Qe2 a6 9. Rad1 c6 10. e5 Nd5 11. Ne4 dxe5 12. dxe5 Qc7 13. Qd2 Bxe5 14. Bxd5 exd5 15. Nxe5 Qxe5 16. Bf6 Qh5 17. Ng3 Nd7 18. Nxh5 Nxf6 19. Nxf6+ Kg7 20. Qg5 h6 21. Qe5 Rd8 22. Nh5+ Kf8 23. Qg7+ Ke8 24. Rfe1+ Be6 25. Rxe6+ Kd7 26. Qxf7+ Kc8 27. Re7 1-0

[Event "Kalamazoo op"]
[Site "Kalamazoo"]
[Date "2003.10.25"]
[Round "3.20"]
[White "Keefe, Matt"]
[Black "Grzegorczyk, Ron"]
[Result "0-1"]
[WhiteElo "1039"]
[BlackElo "1618"]
[PlyCount "76"]
[EventDate "2003.10.25"]
[EventType "swiss"]
[EventRounds "5"]
[EventCountry "USA"]
[SourceTitle "EXT 2007"]
[Source "ChessBase"]
[SourceDate "2006.11.23"]
[SourceVersion "1"]
[SourceVersionDate "2006.11.23"]
[SourceQuality "1"]

1. Nf3 c5 2. g3 g6 3. Bg2 Bg7 4. 0-0 d5 5. d3 e5 6. e4 d4 7. c3 Ne7 8. a3 0-0 9. Nbd2 Kh8 10. Nc4 Nbc6 11. Bd2 b5 12. Ncxe5 Nxe5 13. Nxe5 Bxe5 14. f4 Bg7 15. e5 Rb8 16. Qc2 Bb7 17. Bxb7 Rxb7 18. b3 Qd7 19. Rae1 Nd5 20. c4 bxc4 21. bxc4 Ne7 22. a4 Rfb8 23. Rb1 Nc6 24. a5 Nb4 25. Bxb4 Rxb4 26. Rxb4 Rxb4 27. Rb1 Qb7 28. Rxb4 cxb4 29. Qa4 Bf8 30. a6 Qb6 31. Qb5 Qxb5 32. cxb5 Bc5 33. Kg2 b3 34. g4 b2 35. f5 b1Q 36. Kg3 Qxd3+ 37. Kh4 Qxb5 38. Kg5 d3 0-1